Pays-Bas 2022 - Statistiques

Statistiques générales
  • Ce quiz a été pris 30 fois
  • Le résultat moyen est 16 sur 26
Statistiques - réponses
Par images Réponse % Correct
Denzel Dumfries
96%
Frenkie de Jong
96%
Matthijs de Ligt
96%
Memphis Depay
96%
Nathan Aké
96%
Virgil van Dijk
96%
Xavi Simons
93%
Cody Gakpo
89%
Jurriën Timber
81%
Noa Lang
81%
Daley Blind
78%
Jeremie Frimpong
78%
Stefan de Vrij
74%
Luuk de Jong
70%
Wout Weghorst
67%
Davy Klaassen
56%
Teun Koopmeiners
56%
Steven Bergwijn
44%
Marten de Roon
37%
Tyrell Malacia
30%
Remko Pasveer
26%
Steven Berghuis
26%
Justin Bijlow
19%
Kenneth Taylor
15%
Vincent Janssen
11%
Andries Noppert
4%
Aucun quiz correspondant
Distribution des résultats
% des personnes avec chaque résultat
Percentile par nombre de réponses
Votre historique - résultats
Vous n’avez pas pris ce quiz